Tendencie vývoja trhu potravín

Formovanie agropotravinárskeho trhu. Snaha dosiahnuť a udržať vyvážený trh - regulačné zásahy štátu. Ponuka a dopyt. Rastlinná výroba. Živočíšna výroba. Určujúce tendencie v cenovom vývoji.

Guardado en:
Detalles Bibliográficos
Autor principal: Slávik, J.
Otros Autores: Mlynarovič, A.
Formato: Capítulo de libro
Lenguaje:eslovaco
Materias:
Etiquetas: Agregar Etiqueta
Sin Etiquetas, Sea el primero en etiquetar este registro!

MARC

LEADER 00000naa a2200000 4500
001 r016209
005 20221205085811.3
041 0 |a slo 
044 |a SK 
245 1 0 |a Tendencie vývoja trhu potravín  |c J. Slávik, A. Mlynarovič 
520 |a Formovanie agropotravinárskeho trhu. Snaha dosiahnuť a udržať vyvážený trh - regulačné zásahy štátu. Ponuka a dopyt. Rastlinná výroba. Živočíšna výroba. Určujúce tendencie v cenovom vývoji. 
610 2 0 |a potraviny 
610 2 0 |a trh 
610 2 0 |a výroba rastlinná 
610 2 0 |a výroba živočíšna 
610 2 0 |a ceny 
100 1 |a Slávik, J. 
700 1 |a Mlynarovič, A.